000 00320nam a2200121Ia 4500
008 241028s9999 xx 000 0 und d
041 _aeng
082 _a337 ATK
100 _aFiona Atkinson
245 _aThe Global Business Environment
260 _bMurphy & Moore Publishing
_aNew York
_c2022
300 _a234;. P. 24 cm
999 _c42837
_d42837